00329cam a22001097a 4500008004000000082001600040100001700056245005600073260002900129300001000158650005100168180718b1979 xxu||||| |||| 00| 0 eng d aT19x51 V579 aVepa, Ram K. aMao's China: a nation in transitioncby Ram K. Vepa aNew DelhibAbhinavc1979 a219p. aChina, People's Republic - Economic conditions